000 00657nam a2200181Ia 4500
008 090124s9999 xx 000 0 und d
082 _b3348
_a817
100 _aहिवरगांवकर बळवंत रामचंद्र
245 _a भास कवीची नाटके
250 _a1
260 _c1927
300 _a211
600 _aहिवरगांवकर बळवंत रामचंद्र
630 _a भास कवीची नाटके
700 _aहिवरगांवकर बळवंत रामचंद्र
730 _a भास कवीची नाटके
942 _cBOOK
999 _c117291
_d117291